| 000 | 00722nam a2200265Ia 4500 | ||
|---|---|---|---|
| 003 | OSt | ||
| 005 | 20230418095004.0 | ||
| 008 | 210210b1964 xxu||||| |||| 00| 0 eng d | ||
| 040 | _cAL | ||
| 041 | _aeng | ||
| 082 |
_a320/188 _bAGAP |
||
| 100 |
_aN N AGARWAL and others _989703 |
||
| 245 | _aPrinciples of political science | ||
| 260 |
_aDelhi _bRam Chand & Co _c1964 |
||
| 300 |
_aviii,535p _bPB _c31x13cm. |
||
| 650 | _2Machinery of Government | ||
| 650 | _2State and the Citizen | ||
| 650 | _2Ideals and Ideologies | ||
| 690 |
_aPolitical Science _989704 |
||
| 700 |
_aAGARWAL (N N) _989705 |
||
| 700 |
_dBHUSHAN (Vidya) _989706 |
||
| 700 |
_dBhagwan (Vishnoo) _989707 |
||
| 906 | _a001765 | ||
| 942 |
_2ddc _cBK |
||
| 999 |
_c116676 _d116676 |
||